[Rezension von: Baruphakēs, Giannēs, 1961-, Technofeudalism]
| Main Author: | |
|---|---|
| Contributors: | |
| Format: | Electronic Review |
| Language: | English |
| Published: |
2024
|
| In: |
Human rights review
Year: 2024, Volume: 25, Issue: 3, Pages: 365-367 |
| Online Access: |
Volltext (lizenzpflichtig) Volltext (lizenzpflichtig) |
| Check availability: | HBZ Gateway |
| Keywords: |
MARC
| LEADER | 00000caa a22000002c 4500 | ||
|---|---|---|---|
| 001 | 1911179586 | ||
| 003 | DE-627 | ||
| 005 | 20250929150923.0 | ||
| 007 | cr uuu---uuuuu | ||
| 008 | 241209s2024 xx |||||oo 00| ||eng c | ||
| 024 | 7 | |a 10.1007/s12142-024-00728-5 |2 doi | |
| 035 | |a (DE-627)1911179586 | ||
| 035 | |a (DE-599)KXP1911179586 | ||
| 040 | |a DE-627 |b ger |c DE-627 |e rda | ||
| 041 | |a eng | ||
| 084 | |a 2,1 |2 ssgn | ||
| 100 | 1 | |a Pereira, Anthony |d 1959- |e VerfasserIn |0 (DE-588)171063171 |0 (DE-627)06122605X |0 (DE-576)131887254 |4 aut | |
| 109 | |a Pereira, Anthony 1959- |a Pereira, Anthony W. 1959- |a Pereira, Anthony Wynne 1959- | ||
| 245 | 1 | 0 | |a [Rezension von: Baruphakēs, Giannēs, 1961-, Technofeudalism] |c Anthony W. Pereira |
| 264 | 1 | |c 2024 | |
| 336 | |a Text |b txt |2 rdacontent | ||
| 337 | |a Computermedien |b c |2 rdamedia | ||
| 338 | |a Online-Ressource |b cr |2 rdacarrier | ||
| 655 | 7 | |a Rezension |0 (DE-588)4049712-4 |0 (DE-627)106186019 |0 (DE-576)209083166 |2 gnd-content | |
| 700 | 1 | |a Baruphakēs, Giannēs |d 1961- |e VerfasserIn des Bezugswerks |0 (DE-588)101315049X |0 (DE-627)663812682 |0 (DE-576)16681346X |4 ant | |
| 773 | 0 | 8 | |i Enthalten in |t Human rights review |d Dordrecht : Springer, 1999 |g 25(2024), 3, Seite 365-367 |h Online-Ressource |w (DE-627)320607771 |w (DE-600)2020969-1 |w (DE-576)109633938 |x 1874-6306 |7 nnas |
| 773 | 1 | 8 | |g volume:25 |g year:2024 |g number:3 |g pages:365-367 |
| 787 | 0 | 8 | |i Rezension von |a Baruphakēs, Giannēs, 1961 - |t Technofeudalism |d Brooklyn, NY : Melville House, 2024 |h xii, 291 Seiten |w (DE-627)1887973206 |z 1685891241 |z 9781685891244 |
| 856 | 4 | 0 | |u https://doi.org/10.1007/s12142-024-00728-5 |x Resolving-System |z lizenzpflichtig |3 Volltext |7 1 |
| 856 | 4 | 0 | |u https://link.springer.com/article/10.1007/s12142-024-00728-5 |x Verlag |z lizenzpflichtig |3 Volltext |7 1 |
| 935 | |a mkri | ||
| 951 | |a AR | ||
| ELC | |a 1 | ||
| LOK | |0 000 xxxxxcx a22 zn 4500 | ||
| LOK | |0 001 4633294482 | ||
| LOK | |0 003 DE-627 | ||
| LOK | |0 004 1911179586 | ||
| LOK | |0 005 20241209043604 | ||
| LOK | |0 008 241209||||||||||||||||ger||||||| | ||
| LOK | |0 035 |a (DE-2619)KrimDok#2024-12-08#ACCA2FF94C0906ED32A0324673FE3C343C394565 | ||
| LOK | |0 040 |a DE-2619 |c DE-627 |d DE-2619 | ||
| LOK | |0 092 |o n | ||
| LOK | |0 852 |a DE-2619 | ||
| LOK | |0 852 1 |9 00 | ||
| LOK | |0 935 |a zota | ||
| LOK | |0 939 |a 09-12-24 |b l01 | ||
| ORI | |a SA-MARC-krimdoka001.raw | ||
